000 00983nam a22002415i 4500
001 160623
003 ES-MaACL
005 20251204063026.0
008 950421s1893 sp |||| | spa d
040 _aAS
_cCCPB | SIC
_bspa
080 4 _a341
100 1 _aNeumann, Leopold,
_dn.1811
_9130448
245 1 0 _aDerecho internacional público moderno /
_cobra escrita en alemán por Leopoldo de Neumann ; traducción, prólogo y notas por Aniceto Sela.
260 _aMadrid :
_bLa España Moderna,
_c[s.a.]
300 _a320 p. ;
_c22 cm.
490 1 _aBiblioteca de jurisprudencia, filosofía é historia
596 1 _aFecha tomada de C. Suárez T. VII, 194: 1893.
700 0 1 _aSela, Aniceto (
_d1863-1935) (
_dn.1863),
_eed.lit.
_9188306
830 0 0 _aBiblioteca de jurisprudencia, filosofía e historia
_9180691
852 _aES-MaACL
_jB-12430
_z-- Enc. pasta española
_x-- Edic.: añadir T260 (Agustin Avrial)
999 _c160623
_d160623